| 000 | 00819nam a2200229 i 4500 | ||
|---|---|---|---|
| 001 | 183262 | ||
| 003 | ES-MaACL | ||
| 005 | 20230906221840.0 | ||
| 008 | 140204s1958 sp |||| | spa d | ||
| 080 | _a536.7 | ||
| 100 | 1 |
_aPorter, Alfred William. _9154357 |
|
| 245 | 1 | 0 |
_aTermodinámica / _cpor Alfred W. Porter... ; con dos apéndices nuevos por W. Wilson... ; traducida de la cuarta edición inglesa por J. Figuera Andú. |
| 260 |
_a[Madrid : _bS.A.E.T.A., _c1958?] |
||
| 300 |
_a137 p., 3 h. : _bil. ; _c17 cm. |
||
| 490 | 1 | _aMonografías Methuen's sobre temas de física | |
| 650 | 4 |
_aTermodinámica. _917486 |
|
| 700 | 1 |
_aWilson, W. _9154358 |
|
| 700 | 0 |
_aFiguera Andu, J. _950754 |
|
| 830 | 0 |
_aMonografías Methuen's sobre temas de física _9191891 |
|
| 852 |
_aES-MaACL _jE-5195 |
||
| 999 |
_c183262 _d183262 |
||